Central Library OPAC University of Rajshahi

ধ্বনির শিল্প রবীন্দ্রসঙ্গীত / (Record no. 62207)

MARC details
000 -LEADER
fixed length control field 00910nam a2200229 a 4500
001 - CONTROL NUMBER
control field 62207
003 - CONTROL NUMBER IDENTIFIER
rucl marc code BD-RjUL
005 - DATE AND TIME OF LATEST TRANSACTION
control field 20211209081044.0
008 - FIXED-LENGTH DATA ELEMENTS--GENERAL INFORMATION
fixed length control field 170123s1982 ii ||||| |||| 00| 0 ben d
020 ## - INTERNATIONAL STANDARD BOOK NUMBER
Terms of availability : Irs 40.00
035 ## - SYSTEM CONTROL NUMBER
System control number (BD-RjUL) 62332
040 ## - CATALOGING SOURCE
Original cataloging agency BD-RjUL
Language of cataloging ben
Transcribing agency BD-RjUL
041 ## - LANGUAGE CODE
Language code of text/sound track or separate title ben
082 ## - DEWEY DECIMAL CLASSIFICATION NUMBER
Edition number 23
Classification number 491.4409
Author mark and year SHD 1982
100 ## - MAIN ENTRY--PERSONAL NAME
Personal name শামশল, সুধাংশুশেখর
9 (RLIN) 173234
245 10 - TITLE STATEMENT
Title ধ্বনির শিল্প রবীন্দ্রসঙ্গীত /
Statement of responsibility, etc. সুধাংশুশেখর শামশল
260 ## - PUBLICATION, DISTRIBUTION, ETC. (IMPRINT)
Place of publication, distribution, etc. কলিকাতা :
Name of publisher, distributor, etc. দে'জ পাবলিশিং,
Date of publication, distribution, etc. ১৯৮২
300 ## - PHYSICAL DESCRIPTION
Pagination ৪২৮ পৃ. ;
Size ২১ সেমি.
650 ## - SUBJECT ADDED ENTRY--TOPICAL TERM
Topical term or geographic name as entry element বাংলা ধ্বনি
General subdivision ইতিহাস ও সমালোচনা
9 (RLIN) 185023
Topical term or geographic name as entry element Sonido bengalí
General subdivision History & Criticism
9 (RLIN) 185024
942 ## - ADDED ENTRY ELEMENTS (KOHA)
Source of classification or shelving scheme Dewey Decimal Classification
Koha item type Books
Holdings
Lost status Source of classification or shelving scheme Damaged status Not for loan Collection code Permanent Location Current Location Shelving location Date acquired Source of acquisition Cost, normal purchase price Total Checkouts Full call number Date last seen Copy number Koha item type
  Dewey Decimal Classification   Not For Loan Non-fiction Central Library, University of Rajshahi Central Library, University of Rajshahi Reading Room 17/12/1996 Ankur Prokasoni, Dhaka 40.00   B 491.4409 SHD 1982 23/01/2017 C-1 Books